[Event "FIDE Online Olympiad Div 2 Pool A 2020"]
[Site "Online"]
[Date "2020.08.15"]
[Round "1"]
[White "Rahman, Ziaur"]
[Black "Fridman, Daniel"]
[Result "0-1"]
[WhiteElo "2605"]
[BlackElo "2571"]
[Annotator "TA"]
[PlyCount "90"]
[EventDate "2020.08.14"]
[EventType "team-tourn"]

{[%evp 11,90,0,22,7,5,10,50,45,48,45,52,49,54,64,56,50,43,43,73,29,38,0,-7,0,0,0,0,0,0,0,0,0,0,-19,-22,-37,-20,-13,0,0,0,-57,-56,-57,-57,-63,-57,-58,-31,-213,-127,-218,-215,-212,-214,-225,-225,-246,-254,-246,-246,-252,-254,-293,-286,-273,-281,-279,-282,-656,-656,-622,-614,-727,-727,-720,-713,-698,-698,-694,-686]} 1. d4 d5 2. Nf3 Nf6 3. g3 c6 4. Bg2 Bf5 5. c4 e6 6. Nc3 Nbd7 7. Qb3 {D11: Slav Defence: 3 Nf3 sidelines and 3...Nf6 4 e3 Bg4.} Qb6 8. c5 Qc7 9. Bf4 {White is slightly better.} Qc8 $1 10. Nh4 Bg6 11. Nxg6 hxg6 12. O-O Be7 13. Qc2 O-O 14. b4 {[#]} a6 $1 $146 {[%mdl 8] An important novelty.} ({Predecessor:} 14... Re8 15. b5 Bd8 16. bxc6 bxc6 17. e4 dxe4 18. Nxe4 Be7 19. Rab1 Nd5 20. Nd6 Bxd6 21. Bxd6 {1-0 (49) Mamedyarov,S (2765)-Wang,H (2710) Beijing 2014}) 15. f3 b6 16. e4 a5 17. a3 $1 axb4 18. axb4 Rxa1 19. Rxa1 {Black must now prevent e5.} bxc5 20. bxc5 {Hoping for e5.} dxe4 21. Nxe4 Nxe4 22. Qxe4 Nf6 {[%cal Bd7f6,Bf6d5,Bd5f4][%mdl 32]} 23. Qd3 Rd8 24. Qa6 $1 Nd5 25. Qxc8 Rxc8 26. Ra7 (26. Bd2 $11) 26... Nxf4 $15 27. Rxe7 {[%mdl 4096] Endgame KRB-KRN} Ne2+ {[%mdl 64] [#] Double Attack} 28. Kf2 Nxd4 29. Rb7 Ra8 30. g4 $2 {Black converts the advantage convincingly.} ({Better is} 30. f4 $15) 30... e5 (30... g5 $19 31. Bf1 Ra3) 31. Bf1 (31. g5 $17) 31... Ra3 $19 32. Bc4 Rxf3+ 33. Kg2 g5 34. Re7 Kf8 35. Rxe5 Rc3 36. Ba6 Ne6 37. Bb7 Nf4+ ({Weaker is} 37... Rxc5 38. Rxc5 Nxc5 39. Bxc6 $17) ({Less strong is} 37... Nxc5 38. Bxc6 Ne6 39. Bf3 $17) 38. Kf1 f6 39. Re4 Rxc5 40. h4 $2 {[#]} (40. Re3) 40... Rc1+ {Black is clearly winning.} 41. Kf2 Nd3+ 42. Kg3 Nc5 43. Rb4 Rc3+ 44. Kg2 Nxb7 45. Rxb7 gxh4 {Accuracy: White = 61%, Black = 85%.} 0-1

[Event "FIDE Online Olympiad Div 2 Pool A 2020"]
[Site "Online"]
[Date "2020.08.15"]
[Round "1"]
[White "Engel, Luis"]
[Black "Mohammad Fahad, Rahman"]
[Result "0-1"]
[WhiteElo "2369"]
[BlackElo "2644"]
[Annotator "TA"]
[PlyCount "130"]
[EventDate "2020.08.14"]
[EventType "team-tourn"]

{[%evp 12,130,9,9,14,12,12,2,13,13,12,8,14,20,15,21,45,48,85,82,88,74,87,40,32,47,49,41,32,-17,-27,-18,-28,-22,-18,-20,-25,-13,0,-10,0,-2,-2,-8,0,0,0,-33,-41,-60,-56,-59,-61,-63,-53,-74,-74,-71,-68,-75,-52,-121,-128,-153,-89,-373,-366,-326,-337,-525,-528,-487,-499,-693,-531,-643,-628,-769,-662,-1053,-1000,-795,-599,-599,-599,-1672,-599,-599,-592,-592,-592,-592,-592,-592,-592,-592,-591,-2856,0,-29971,0,0,0,-8,-8,-62,-8,-8,-15,-30,-30,-30,-37,-29976,-29978,-29978,-29979,-29979,-29980,-29985,-29986]} 1. e4 e5 2. Nf3 Nc6 3. Bb5 a6 4. Ba4 Nf6 5. d3 b5 6. Bb3 Bc5 7. Nc3 {7.c3 is becoming the main line.} h6 {C77: Ruy Lopez: 3...a6 4 Ba4 Nf6, unusual lines.} 8. Nd5 d6 9. c3 Rb8 {The position is equal.} 10. d4 Ba7 11. Be3 {Black must now prevent dxe5.} Ng4 12. dxe5 {[#]} Nxe3 $146 ({Predecessor:} 12... Bxe3 13. Nxe3 Ncxe5 14. Nxe5 Nxe5 15. O-O O-O 16. f4 Nd7 17. Nf5 Nc5 18. Bd5 c6 19. Bxc6 Bxf5 20. exf5 {0-1 (53) Osmanodja,F (2225)-Gustafsson,J (2645) Germany 2019}) 13. Nxe3 Bxe3 14. fxe3 O-O 15. O-O Qe7 16. exd6 cxd6 17. Qd5 Bb7 18. Rad1 Rbd8 19. Qf5 Na5 20. Bc2 Nc4 21. e5 {[%csl Gc2][%cal Rf5h7]} g6 22. Qf4 Kg7 {[%cal Rd6e5]} 23. Qf6+ Qxf6 24. exf6+ Kh7 25. Kf2 Rfe8 26. Rfe1 Nxb2 27. Rd4 Nc4 28. Bb3 d5 29. Bxc4 $1 dxc4 30. Red1 Rxd4 31. Rxd4 {White wants to play Rd7.} Bxf3 32. gxf3 $15 {[%mdl 4096] Endgame KR-KR} Re6 33. Rd7 Rxf6 34. e4 Kg7 35. Ke3 g5 36. e5 (36. a4 $15) 36... Rf5 $1 $17 37. Ke4 {[#]} Rf4+ (37... Kg6 $142 $1 38. Rd6+ f6) 38. Kd5 $2 {[%mdl 8192]} (38. Ke3 $17 {was forced.}) 38... Rxf3 $19 {...Rd3+ is the strong threat.} 39. e6 Kf8 ({Worse is} 39... Rxc3 40. Rxf7+ Kg8 41. Rf2 $11) 40. e7+ (40. Rd8+ {was called for.} Ke7 {[%mdl 64] Double Attack} 41. Rd7+ Ke8 42. Ra7 fxe6+ 43. Kxe6 Re3+ 44. Kd5) 40... Ke8 41. Ra7 Rf6 42. a4 g4 43. axb5 axb5 44. Kc5 h5 45. Kxb5 h4 46. Kxc4 g3 47. hxg3 hxg3 48. Ra2 {If only White now had time for Kd5....} Rf2 (48... Kxe7 $142 49. Ra1 Rf3) 49. Ra8+ Kxe7 {Threatens to win with ...g2.} 50. Rg8 Rf3 51. Kd4 f5 52. c4 f4 53. c5 Rf1 54. c6 {aiming for c7.} Rc1 $2 (54... Kd6 $19 55. Rg6+ Kc7) 55. Kd5 $2 {[%mdl 8192] [#]} (55. Ke4 $11) 55... Kf6 $2 (55... f3 $1 {mates} 56. Rg7+ Kd8 57. Rg8+ Kc7 58. Rg7+ Kb6 59. Rxg3 f2 60. Rf3 Rd1+ 61. Ke5 f1=Q 62. Rxf1 Rxf1 63. Kd5 Rd1+ 64. Ke6 Kxc6 65. Ke5 Kc5 66. Ke4 Re1+ 67. Kf3 Kd4 68. Kg4 Ke4 69. Kg5 Re2 70. Kg6 Ke5 71. Kg5 Rg2+ 72. Kh4 Kf4 73. Kh5 Rg3 74. Kh6 Kf5 75. Kh7 Kf6 76. Kh8 Kf7 77. Kh7 Rh3#) 56. Ke4 $11 Rc4+ 57. Kf3 Ke5 {And now ...Rc3+ would win.} 58. Rg5+ Kd6 (58... Ke6 $1 $15) 59. Rg6+ $1 Kc7 60. Rf6 Kb6 61. Kg2 Rc2+ 62. Kf3 $2 {[%mdl 8192]} (62. Kf1 $15) 62... Rf2+ {Black mates.} 63. Ke4 g2 64. Rg6 f3 65. Kd5 Rf1 {Accuracy: White = 59%, Black = 81%.} 0-1

[Event "FIDE Online Olympiad Div 2 Pool A 2020"]
[Site "Online"]
[Date "2020.08.15"]
[Round "1"]
[White "Wagner, Dennis"]
[Black "Reefat, Bin-Sattar"]
[Result "1/2-1/2"]
[WhiteElo "2178"]
[BlackElo "1975"]
[Annotator "broadcasts"]
[PlyCount "80"]
[EventDate "2020.08.14"]
[EventType "team-tourn"]
[TimeControl "900+5"]

1. d4 {[%emt 0:00:05]} d5 {[%emt 0:00:07]} 2. c4 {[%emt 0:00:05]} c6 {[%emt 0:00:03]} 3. Nf3 {[%emt 0:00:03]} Nf6 {[%emt 0:00:02]} 4. Nc3 {[%emt 0:00:01]} dxc4 {[%emt 0:00:10]} 5. a4 {[%emt 0:00:05]} Bf5 {[%emt 0:00:03]} 6. Ne5 {[%emt 0:00:02]} Nbd7 {[%emt 0:00:04]} 7. Nxc4 {[%emt 0:00:03]} Nb6 {[%emt 0:00:05]} 8. Ne5 {[%emt 0:00:02]} a5 {[%emt 0:00:02]} 9. h4 {[%emt 0:00:14]} h6 {[%emt 0:00:16]} 10. f3 {[%emt 0:00:24]} Nfd7 {[%emt 0:01:00]} 11. Nxd7 {[%emt 0:01:58]} Nxd7 {[%emt 0:00:05]} 12. e4 {[%emt 0:00:02]} Bh7 {[%emt 0:00:02]} 13. Bc4 {[%emt 0:01:17]} Qb6 {[%emt 0:00:08]} 14. Qb3 {[%emt 0:01:06]} Qxb3 {[%emt 0:00:13]} 15. Bxb3 {[%emt 0:00:01]} e5 {[%emt 0:01:01]} 16. dxe5 {[%emt 0:00:08]} Nxe5 {[%emt 0:00:06]} 17. Ke2 {[%emt 0:00:39]} Bc5 {[%emt 0:00:19]} 18. Bf4 {[%emt 0:00:34]} f6 {[%emt 0:00:07]} 19. h5 {[%emt 0:02:24]} Bg8 {[%emt 0:02:52]} 20. Bxg8 {[%emt 0:00:05]} Rxg8 {[%emt 0:00:03]} 21. Rad1 {[%emt 0:00:45]} Ke7 {[%emt 0:00:07]} 22. b3 {[%emt 0:00:33]} Rgd8 {[%emt 0:00:11]} 23. Be3 {[%emt 0:01:26]} Bxe3 {[%emt 0:00:10]} 24. Kxe3 {[%emt 0:00:00]} Nd7 {[%emt 0:00:26]} 25. Ne2 {[%emt 0:00:19]} Nc5 {[%emt 0:00:03]} 26. Nd4 {[%emt 0:00:41]} Kf7 {[%emt 0:00:04]} 27. Rd2 {[%emt 0:01:55]} Rd6 {[%emt 0:03:01]} 28. Rhd1 {[%emt 0:00:27]} Kf8 {[%emt 0:00:53]} 29. g4 {[%emt 0:00:54]} Re8 {[%emt 0:00:31]} 30. Nf5 {[%emt 0:00:58]} Rde6 {[%emt 0:01:09]} 31. Rc2 {[%emt 0:00:10]} b6 {[%emt 0:00:16]} 32. Rc3 {[%emt 0:00:01]} Rc8 {[%emt 0:00:07]} 33. Rd6 {[%emt 0:00:02]} Rc7 {[%emt 0:00:33]} 34. Rd8+ {[%emt 0:00:06]} Kf7 {[%emt 0:00:12]} 35. Rb8 {[%emt 0:00:04]} Nd7 {[%emt 0:00:04]} 36. Ra8 {[%emt 0:00:02]} Nc5 {[%emt 0:00:06]} 37. Rb8 {[%emt 0:00:02]} Nd7 {[%emt 0:00:03]} 38. Ra8 {[%emt 0:00:02]} Nc5 {[%emt 0:00:08]} 39. Rc1 {[%emt 0:00:08]} Rd7 {[%emt 0:00:06]} 40. Rc3 {[%emt 0:00:05]} Rc7 {[%emt 0:00:02]} 1/2-1/2

[Event "FIDE Online Olympiad Div 2 Pool A 2020"]
[Site "Online"]
[Date "2020.08.15"]
[Round "1"]
[White "Schulze, Lara"]
[Black "Hamid, Rani"]
[Result "1-0"]
[WhiteElo "2070"]
[BlackElo "1692"]
[Annotator "broadcasts"]
[PlyCount "85"]
[EventDate "2020.08.14"]
[EventType "team-tourn"]
[TimeControl "900+5"]

1. e4 {[%emt 0:00:11]} c5 {[%emt 0:00:04]} 2. Nf3 {[%emt 0:00:04]} e6 {[%emt 0:00:03]} 3. d4 {[%emt 0:00:06]} cxd4 {[%emt 0:00:04]} 4. Nxd4 {[%emt 0:00:01]} a6 {[%emt 0:00:02]} 5. c4 {[%emt 0:00:03]} Nf6 {[%emt 0:00:03]} 6. Nc3 {[%emt 0:00:02]} d6 {[%emt 0:00:06]} 7. Be2 {[%emt 0:00:03]} Be7 {[%emt 0:00:03]} 8. O-O {[%emt 0:00:09]} O-O {[%emt 0:00:03]} 9. Be3 {[%emt 0:00:02]} Nc6 {[%emt 0:00:12]} 10. a3 {[%emt 0:00:22]} Bd7 {[%emt 0:00:23]} 11. b4 {[%emt 0:00:43]} Nxd4 {[%emt 0:00:52]} 12. Qxd4 {[%emt 0:00:05]} e5 {[%emt 0:00:14]} 13. Qd3 {[%emt 0:00:35]} Be6 {[%emt 0:00:25]} 14. Rac1 {[%emt 0:00:36]} Rc8 {[%emt 0:00:25]} 15. Nd5 {[%emt 0:00:03]} Bxd5 {[%emt 0:01:06]} 16. exd5 {[%emt 0:00:05]} Qd7 {[%emt 0:00:53]} 17. f3 {[%emt 0:00:40]} Nh5 {[%emt 0:01:32]} 18. Qd2 {[%emt 0:01:01]} f5 {[%emt 0:00:13]} 19. c5 {[%emt 0:02:02]} f4 {[%emt 0:00:32]} 20. Bf2 {[%emt 0:00:06]} Nf6 {[%emt 0:01:11]} 21. c6 {[%emt 0:02:19]} bxc6 {[%emt 0:02:03]} 22. Bxa6 {[%emt 0:00:18]} Nxd5 {[%emt 0:00:05]} 23. Bxc8 {[%emt 0:02:51]} Rxc8 {[%emt 0:00:05]} 24. b5 {[%emt 0:00:07]} Nf6 {[%emt 0:01:47]} 25. bxc6 {[%emt 0:00:35]} Rxc6 {[%emt 0:00:08]} 26. Rxc6 {[%emt 0:00:05]} Qxc6 {[%emt 0:00:02]} 27. Rc1 {[%emt 0:00:01]} Qa6 {[%emt 0:02:32]} 28. Qb4 {[%emt 0:00:16]} h6 {[%emt 0:00:13]} 29. h4 {[%emt 0:00:55]} Kf8 {[%emt 0:00:23]} 30. a4 {[%emt 0:01:28]} Qd3 {[%emt 0:00:15]} 31. Qc4 {[%emt 0:00:55]} Qa3 {[%emt 0:00:10]} 32. Rb1 {[%emt 0:00:11]} d5 {[%emt 0:00:05]} 33. Qc8+ {[%emt 0:00:06]} Kf7 {[%emt 0:00:04]} 34. Rb7 {[%emt 0:00:09]} d4 {[%emt 0:00:05]} 35. Qc4+ {[%emt 0:00:07]} Kg6 {[%emt 0:00:07]} 36. Qc2+ {[%emt 0:00:12]} d3 {[%emt 0:00:22]} 37. Qd1 {[%emt 0:00:07]} Nd5 {[%emt 0:00:10]} 38. Rb3 {[%emt 0:00:05]} Qd6 {[%emt 0:00:33]} 39. Rxd3 {[%emt 0:00:04]} Bxh4 {[%emt 0:00:08]} 40. Rxd5 {[%emt 0:00:03]} Bxf2+ {[%emt 0:00:02]} 41. Kxf2 {[%emt 0:00:01]} Qb6+ {[%emt 0:00:03]} 42. Kf1 {[%emt 0:00:02]} Qa6+ {[%emt 0:00:05]} 43. Qd3+ {[%emt 0:00:01]} 1-0

[Event "FIDE Online Olympiad Div 2 Pool A 2020"]
[Site "Online"]
[Date "2020.08.15"]
[Round "1"]
[White "Sultana Sharmin, Shirin"]
[Black "Osmanodja, Filiz"]
[Result "0-1"]
[WhiteElo "1956"]
[BlackElo "2168"]
[Annotator "broadcasts"]
[PlyCount "70"]
[EventDate "2020.08.14"]
[EventType "team-tourn"]
[TimeControl "900+5"]

1. d4 {[%emt 0:00:25]} Nf6 {[%emt 0:00:05]} 2. c4 {[%emt 0:00:06]} e6 {[%emt 0:00:01]} 3. Nc3 {[%emt 0:00:02]} Bb4 {[%emt 0:00:02]} 4. Nf3 {[%emt 0:00:04]} b6 {[%emt 0:00:07]} 5. Bg5 {[%emt 0:00:26]} Bb7 {[%emt 0:00:22]} 6. e3 {[%emt 0:00:03]} Bxc3+ {[%emt 0:00:15]} 7. bxc3 {[%emt 0:00:02]} d6 {[%emt 0:00:01]} 8. Be2 {[%emt 0:00:54]} Nbd7 {[%emt 0:00:05]} 9. Qc2 {[%emt 0:00:22]} Nf8 {[%emt 0:00:24]} 10. c5 {[%emt 0:03:48]} Ng6 {[%emt 0:01:22]} 11. cxd6 {[%emt 0:00:15]} cxd6 {[%emt 0:00:22]} 12. Qa4+ {[%emt 0:01:03]} Kf8 {[%emt 0:00:12]} 13. Qa3 {[%emt 0:00:05]} h6 {[%emt 0:00:57]} 14. Bxf6 {[%emt 0:00:09]} gxf6 {[%emt 0:00:00]} 15. c4 {[%emt 0:01:29]} Kg7 {[%emt 0:00:28]} 16. O-O {[%emt 0:00:07]} Kh7 {[%emt 0:01:42]} 17. Rfd1 {[%emt 0:00:21]} Rg8 {[%emt 0:00:26]} 18. d5 {[%emt 0:01:20]} e5 {[%emt 0:00:48]} 19. Qd3 {[%emt 0:02:10]} Bc8 {[%emt 0:03:42]} 20. Nh4 {[%emt 0:00:57]} Kh8 {[%emt 0:02:43]} 21. Nxg6+ {[%emt 0:00:28]} Rxg6 {[%emt 0:00:04]} 22. Bh5 {[%emt 0:00:50]} Rg7 {[%emt 0:00:04]} 23. f4 {[%emt 0:00:35]} f5 {[%emt 0:00:33]} 24. fxe5 {[%emt 0:00:09]} dxe5 {[%emt 0:01:23]} 25. e4 {[%emt 0:00:18]} Qg5 {[%emt 0:00:08]} 26. Bf3 {[%emt 0:00:04]} fxe4 {[%emt 0:00:12]} 27. Qxe4 {[%emt 0:00:04]} Bh3 {[%emt 0:00:23]} 28. Qe2 {[%emt 0:00:24]} Rag8 {[%emt 0:00:04]} 29. Rd2 {[%emt 0:00:13]} f5 {[%emt 0:00:09]} 30. Kh1 {[%emt 0:00:06]} e4 {[%emt 0:00:02]} 31. Bxe4 {[%emt 0:00:03]} fxe4 {[%emt 0:00:03]} 32. Rf1 {[%emt 0:00:04]} e3 {[%emt 0:00:07]} 33. Rc2 {[%emt 0:00:08]} Bxg2+ {[%emt 0:00:03]} 34. Qxg2 {[%emt 0:00:11]} Qxg2+ {[%emt 0:00:00]} 35. Rxg2 {[%emt 0:00:01]} Rxg2 {[%emt 0:00:00]} 0-1

[Event "FIDE Online Olympiad Div 2 Pool A 2020"]
[Site "Online"]
[Date "2020.08.15"]
[Round "1"]
[White "Ahmed, Walijah"]
[Black "Schneider, Jana"]
[Result "0-1"]
[WhiteElo "1642"]
[BlackElo "2305"]
[Annotator "broadcasts"]
[PlyCount "128"]
[EventDate "2020.08.14"]
[EventType "team-tourn"]
[TimeControl "900+5"]

1. e4 {[%emt 0:00:04]} e5 {[%emt 0:00:03]} 2. Nf3 {[%emt 0:00:04]} Nc6 {[%emt 0:00:02]} 3. Bb5 {[%emt 0:00:03]} a6 {[%emt 0:00:02]} 4. Ba4 {[%emt 0:00:02]} Nf6 {[%emt 0:00:03]} 5. O-O {[%emt 0:00:04]} b5 {[%emt 0:00:09]} 6. Bb3 {[%emt 0:00:04]} Bc5 {[%emt 0:00:02]} 7. Nc3 {[%emt 0:00:57]} d6 {[%emt 0:00:33]} 8. Nd5 {[%emt 0:00:13]} Na5 {[%emt 0:02:16]} 9. d4 {[%emt 0:03:12]} Nxb3 {[%emt 0:00:22]} 10. axb3 {[%emt 0:00:07]} exd4 {[%emt 0:00:03]} 11. Nxd4 {[%emt 0:00:07]} Nxd5 {[%emt 0:00:59]} 12. exd5 {[%emt 0:01:16]} O-O {[%emt 0:00:17]} 13. c3 {[%emt 0:02:20]} Qh4 {[%emt 0:01:14]} 14. Nf3 {[%emt 0:02:08]} Qh5 {[%emt 0:00:54]} 15. b4 {[%emt 0:01:06]} Bb6 {[%emt 0:00:07]} 16. Re1 {[%emt 0:01:33]} Bb7 {[%emt 0:00:26]} 17. Be3 {[%emt 0:00:12]} Bxe3 {[%emt 0:00:16]} 18. Rxe3 {[%emt 0:00:01]} Bxd5 {[%emt 0:00:13]} 19. Nd4 {[%emt 0:00:13]} Qxd1+ {[%emt 0:00:32]} 20. Rxd1 {[%emt 0:00:02]} Rae8 {[%emt 0:01:34]} 21. Rde1 {[%emt 0:00:44]} Rxe3 {[%emt 0:00:07]} 22. Rxe3 {[%emt 0:00:01]} Bb7 {[%emt 0:01:14]} 23. Re7 {[%emt 0:00:07]} Rc8 {[%emt 0:00:03]} 24. f3 {[%emt 0:00:28]} Kf8 {[%emt 0:00:04]} 25. Re1 {[%emt 0:00:41]} Re8 {[%emt 0:00:06]} 26. Kf2 {[%emt 0:00:06]} Rxe1 {[%emt 0:00:07]} 27. Kxe1 {[%emt 0:00:01]} Ke7 {[%emt 0:00:12]} 28. Ke2 {[%emt 0:00:03]} Kf6 {[%emt 0:00:03]} 29. Ke3 {[%emt 0:00:02]} Bd5 {[%emt 0:00:24]} 30. h4 {[%emt 0:00:28]} c5 {[%emt 0:00:39]} 31. Ne2 {[%emt 0:00:07]} Bc6 {[%emt 0:01:22]} 32. Nf4 {[%emt 0:00:07]} Ke5 {[%emt 0:00:24]} 33. Nd3+ {[%emt 0:00:04]} Kd5 {[%emt 0:00:04]} 34. b3 {[%emt 0:00:20]} Bb7 {[%emt 0:00:56]} 35. Nf4+ {[%emt 0:00:08]} Kc6 {[%emt 0:00:03]} 36. Nh5 {[%emt 0:00:12]} g6 {[%emt 0:00:02]} 37. Nf6 {[%emt 0:00:01]} h5 {[%emt 0:00:01]} 38. Ne4 {[%emt 0:00:08]} Kc7 {[%emt 0:00:15]} 39. Ng5 {[%emt 0:00:04]} Bd5 {[%emt 0:00:03]} 40. bxc5 {[%emt 0:00:17]} dxc5 {[%emt 0:00:03]} 41. b4 {[%emt 0:00:01]} cxb4 {[%emt 0:00:05]} 42. cxb4 {[%emt 0:00:01]} Kb6 {[%emt 0:00:08]} 43. Kd4 {[%emt 0:00:01]} Bc4 {[%emt 0:00:06]} 44. Ne4 {[%emt 0:00:05]} a5 {[%emt 0:00:01]} 45. bxa5+ {[%emt 0:00:15]} Kxa5 {[%emt 0:00:02]} 46. Kc3 {[%emt 0:00:09]} Ka4 {[%emt 0:00:09]} 47. Nd6 {[%emt 0:00:03]} Ka3 {[%emt 0:00:10]} 48. Nxc4+ {[%emt 0:00:03]} bxc4 {[%emt 0:00:03]} 49. Kxc4 {[%emt 0:00:01]} Kb2 {[%emt 0:00:01]} 50. g4 {[%emt 0:00:04]} Kc2 {[%emt 0:00:06]} 51. Kd4 {[%emt 0:00:01]} Kd2 {[%emt 0:00:01]} 52. Ke4 {[%emt 0:00:01]} Ke2 {[%emt 0:00:01]} 53. Kf4 {[%emt 0:00:14]} f6 {[%emt 0:00:07]} 54. g5 {[%emt 0:00:11]} f5 {[%emt 0:00:02]} 55. Kg3 {[%emt 0:00:06]} Ke3 {[%emt 0:00:03]} 56. Kg2 {[%emt 0:00:13]} f4 {[%emt 0:00:01]} 57. Kh3 {[%emt 0:00:04]} Kxf3 {[%emt 0:00:01]} 58. Kh2 {[%emt 0:00:01]} Ke2 {[%emt 0:00:01]} 59. Kg1 {[%emt 0:00:02]} f3 {[%emt 0:00:01]} 60. Kh2 {[%emt 0:00:00]} f2 {[%emt 0:00:01]} 61. Kg3 {[%emt 0:00:06]} f1=Q {[%emt 0:00:02]} 62. Kh2 {[%emt 0:00:01]} Qf4+ {[%emt 0:00:05]} 63. Kg2 {[%emt 0:00:02]} Qg4+ {[%emt 0:00:01]} 64. Kh2 {[%emt 0:00:04]} Kf2 {[%emt 0:00:02]} 0-1

[Event "FIDE Online Olympiad Div 2 Pool A 2020"]
[Site "Online"]
[Date "2020.08.15"]
[Round "2"]
[White "Fridman, Daniel"]
[Black "Atabayev, Saparmyrat"]
[Result "1/2-1/2"]
[WhiteElo "2551"]
[BlackElo "2386"]
[Annotator "broadcasts RC"]
[PlyCount "117"]
[EventDate "2020.08.14"]
[EventType "team-tourn"]
[TimeControl "900+5"]

1. d4 {[%emt 0:00:06]} d5 {[%emt 0:00:04]} 2. Nf3 {[%emt 0:00:02]} Nf6 {[%emt 0:00:02]} 3. c4 {[%emt 0:00:01]} e6 {[%emt 0:00:02]} 4. g3 {[%emt 0:00:03]} Bb4+ {[%emt 0:00:02]} 5. Bd2 {[%emt 0:00:03]} Be7 {[%emt 0:00:02]} 6. Bg2 {[%emt 0:00:01]} O-O {[%emt 0:00:02]} 7. O-O {[%emt 0:00:01]} dxc4 {[%emt 0:00:01]} 8. Qc2 {[%emt 0:00:13]} a6 {[%emt 0:00:04]} 9. a4 {[%emt 0:00:34]} Bd7 {[%emt 0:00:09]} 10. Ne5 {[%emt 0:01:21]} Bc6 {[%emt 0:00:43]} 11. Nxc6 {[%emt 0:00:23]} Nxc6 {[%emt 0:00:01]} 12. e3 {[%emt 0:00:32]} a5 {[%emt 0:00:42]} 13. Bxc6 {[%emt 0:01:28]} bxc6 {[%emt 0:00:03]} 14. Qxc4 {[%emt 0:00:02]} Qb8 {[%emt 0:03:49]} 15. Qc2 {[%emt 0:02:02]} Qb7 {[%emt 0:01:01]} 16. Na3 {[%emt 0:00:05]} Bxa3 {[%emt 0:02:03]} 17. Rxa3 {[%emt 0:00:04]} Rfb8 {[%emt 0:00:09]} 18. Rb1 {[%emt 0:03:44]} Ra6 {[%emt 0:00:17]} 19. Rc3 {[%emt 0:00:18]} Nd7 {[%emt 0:01:37]} 20. Rc4 {[%emt 0:00:14]} c5 {[%emt 0:00:43]} 21. Bc3 {[%emt 0:00:15]} cxd4 {[%emt 0:01:00]} 22. Bxd4 {[%emt 0:00:09]} c5 {[%emt 0:00:13]} 23. Bc3 {[%emt 0:00:37]} Rd6 {[%emt 0:00:10]} 24. Rd1 {[%emt 0:01:17]} Rxd1+ {[%emt 0:00:25]} 25. Qxd1 {[%emt 0:00:00]} Qd5 {[%emt 0:00:02]} 26. Qe2 {[%emt 0:01:06]} Ne5 {[%emt 0:00:23]} 27. Bxe5 {[%emt 0:00:04]} Qxe5 {[%emt 0:00:00]} 28. Qc2 {[%emt 0:00:01]} Rc8 {[%emt 0:00:30]} 29. Qd2 {[%emt 0:00:24]} Qc7 {[%emt 0:00:08]} 30. Qc3 {[%emt 0:00:05]} h5 {[%emt 0:00:33]} 31. h4 {[%emt 0:00:08]} Qb6 {[%emt 0:00:31]} 32. g4 {[%emt 0:00:41]} Qd8 {[%emt 0:00:11]} 33. gxh5 {[%emt 0:00:31]} Qd1+ {[%emt 0:00:02]} 34. Kg2 {[%emt 0:00:02]} Qxh5 {[%emt 0:00:04]} 35. Qd3 {[%emt 0:00:13]} Qd5+ {[%emt 0:00:25]} 36. Qxd5 {[%emt 0:00:02]} exd5 {[%emt 0:00:01]} 37. Rc3 {[%emt 0:00:02]} c4 {[%emt 0:00:33]} 38. b3 {[%emt 0:00:03]} Kh7 {[%emt 0:00:10]} 39. Kf3 {[%emt 0:00:04]} Kg6 {[%emt 0:00:12]} 40. Kf4 {[%emt 0:00:27]} Rb8 {[%emt 0:00:20]} 41. bxc4 {[%emt 0:00:05]} Rb4 {[%emt 0:00:01]} 42. e4 {[%emt 0:00:31]} dxc4 {[%emt 0:00:06]} 43. Rg3+ {[%emt 0:00:02]} Kh6 {[%emt 0:00:04]} 44. Ke5 {[%emt 0:00:04]} Rxa4 {[%emt 0:00:04]} 45. Kd5 {[%emt 0:00:01]} Ra2 {[%emt 0:00:05]} 46. f4 {[%emt 0:00:05]} Rf2 {[%emt 0:00:12]} 47. f5 {[%emt 0:00:03]} Rf4 {[%emt 0:00:02]} 48. Rc3 {[%emt 0:00:06]} Rxh4 {[%emt 0:00:11]} 49. Rxc4 {[%emt 0:00:02]} g5 {[%emt 0:00:24]} 50. fxg6 {[%emt 0:00:09]} Kxg6 {[%emt 0:00:01]} 51. Rc6+ {[%emt 0:00:04]} Kg7 {[%emt 0:00:19]} 52. Ra6 {[%emt 0:00:13]} f6 {[%emt 0:00:02]} 53. e5 {[%emt 0:00:05]} fxe5 {[%emt 0:00:08]} 54. Kxe5 {[%emt 0:00:02]} Kf7 {[%emt 0:00:04]} 55. Kd5 {[%emt 0:00:01]} Ke7 {[%emt 0:00:04]} 56. Kc5 {[%emt 0:00:01]} a4 {[%emt 0:00:01]} 57. Kb5 {[%emt 0:00:02]} Kd7 {[%emt 0:00:01]} 58. Rxa4 {[%emt 0:00:02]} Rxa4 {[%emt 0:00:00]} 59. Kxa4 {[%emt 0:00:00]} 1/2-1/2